Mercado de trabajo flexible, pobreza y desintegración social en Chile, 1990-1994 / (Record no. 110178)

MARC details
000 -LEADER
campo de control de longitud fija 00868nam a2200193 4500
001 - NÚMERO DE CONTROL
campo de control 224
005 - FECHA Y HORA DE LA ÚLTIMA TRANSACCIÓN
campo de control 20230411085951.0
008 - DATOS DE LONGITUD FIJA--INFORMACIÓN GENERAL
campo de control de longitud fija 060907n1994 dr spa
035 ## - NÚMERO DE CONTROL DEL SISTEMA
-- funglode225
041 ## - CÓDIGO DE IDIOMA
Código de lengua del texto/banda sonora o título independiente ES
100 ## - ENTRADA PRINCIPAL--NOMBRE DE PERSONA
Nombre de persona Leiva, Fernando Ignacio
245 1# - MENCIÓN DEL TÍTULO
Título Mercado de trabajo flexible, pobreza y desintegración social en Chile, 1990-1994 /
Mención de responsabilidad, etc. Fernando Ignacio Leiva, Rafael Agacino
260 ## - PUBLICACIÓN, DISTRIBUCIÓN, ETC.
Lugar de publicación, distribución, etc. [s.l.] :
Nombre del editor, distribuidor, etc. Universidad ARCIS,
Fecha de publicación, distribución, etc. 1994
300 ## - DESCRIPCIÓN FÍSICA
Extensión 74 p.
504 ## - NOTA DE BIBLIOGRAFÍA, ETC.
Nota de bibliografía, etc. Bibliografía p. 70-4
520 ## - RESUMEN, ETC.
Sumario, etc. La estrategia de reestructuración : la tesis del Banco Mundial. -- La racionalidad tras la política y reformas laborales. -- Las prácticas empresariales de empleo flexible. -- Características del mercado del trabajo. -- Mercado de trabajo flexible y pobreza. -- Conclusiones y recomendaciones
700 ## - ENTRADA AGREGADA--NOMBRE PERSONAL
Nombre de persona Agacino, Rafael
942 ## - ELEMENTOS DE ENTRADA SECUNDARIOS (KOHA)
Fuente del sistema de clasificación o colocación Clasificación de Library of Congress
Tipo de ítem Koha
Holdings
Estatus retirado Estado de pérdida Fuente del sistema de clasificación o colocación Estado de daño No para préstamo Colección Biblioteca de origen Biblioteca actual Ubicación en estantería Fecha de adquisición Código de barras Visto por última vez Copia número Tipo de ítem Koha
    Clasificación de Library of Congress     Automatización y Procesos Técnicos Biblioteca Juan Bosch Biblioteca Juan Bosch Automatización y Procesos Técnicos (1er. Piso) 17/02/2019 00020010225 17/02/2019 1